[Event "Tatry op"]
[Site "Tatranske Zruby"]
[Date "2012.09.30"]
[Round "9"]
[White "Vohnout, Pavel"]
[Black "Bohm, Vilem"]
[Result "1-0"]
[WhiteElo "2002"]
[BlackElo "1796"]
[PlyCount "73"]
[EventDate "2012.09.23"]
[EventType "swiss"]
[EventRounds "9"]
[EventCountry "SVK"]
[SourceTitle "CBM 150 Extra"]
[Source "ChessBase"]
[SourceDate "2012.10.19"]
[SourceVersion "1"]
[SourceVersionDate "2012.10.19"]
[SourceQuality "1"]

1. e4 c5 2. c3 Nc6 3. d4 cxd4 4. cxd4 e6 5. Nf3 Nf6 6. Nc3 a6 7. Bd3 b5 8. 0-0 Nb4 9. Bb1 Bb7 10. a3 Nc6 11. d5 Na5 12. d6 g6 13. Bg5 h6 14. Bh4 Nc4 15. b3 g5 16. bxc4 gxh4 17. cxb5 Rc8 18. Qd4 h3 19. Bd3 hxg2 20. Rfc1 Rg8 21. bxa6 Ba8 22. Nb5 Bg7 23. Nc7+ Kf8 24. Nxa8 Rxa8 25. e5 Ne8 26. Bh7 Rh8 27. Be4 Rxa6 28. Bb7 Rxd6 29. Qb4 Qb6 30. exd6 Qxb4 31. axb4 Bxa1 32. Rxa1 Nxd6 33. Ra8+ Ne8 34. b5 Ke7 35. b6 Rg8 36. Ba6 Rg4 37. b7 1-0

[Event "SVK-ch Seniors-A"]
[Site "Tatranske Matliare"]
[Date "2011.05.??"]
[Round "3"]
[White "Bakalar, Jan"]
[Black "Bohm, Vilem"]
[Result "1-0"]
[WhiteElo "2017"]
[BlackElo "1851"]
[PlyCount "83"]
[EventDate "2011.05.27"]
[EventType "swiss"]
[EventRounds "9"]
[EventCountry "SVK"]
[SourceTitle "EXT 2023"]
[Source "ChessBase"]
[SourceDate "2022.10.05"]
[SourceVersion "1"]
[SourceVersionDate "2022.10.05"]
[SourceQuality "1"]

1. e4 c5 2. Nf3 Nc6 3. Bb5 Nf6 4. Nc3 Nd4 5. Bc4 d6 6. h3 Bd7 7. a4 Qc7 8. d3 h6 9. 0-0 a6 10. Nh2 g6 11. Be3 Bg7 12. f4 Nc6 13. Qd2 Nb4 14. Rae1 0-0-0 15. Bxf7 Be8 16. Bb3 Rf8 17. Nf3 Bf7 18. Bxf7 Rxf7 19. d4 Nh5 20. Ne2 d5 21. e5 cxd4 22. Nfxd4 Nc6 23. Ne6 Qd7 24. Nxd8 Nxd8 25. g4 Ne6 26. gxh5 gxh5 27. Nd4 Rf8 28. Kh2 Kb8 29. Nxe6 Qxe6 30. Rg1 Bh8 31. Qg2 Qd7 32. b3 e6 33. Bc5 Rc8 34. Bd6+ Ka8 35. Qf2 Bf6 36. Rg6 Bd8 37. Reg1 Rc6 38. Rg8 Qc8 39. R1g2 b6 40. Be7 Rxc2 41. Qxc2 Qxc2 42. Rxc2 1-0

[Event "SVK-ch Seniors-A"]
[Site "Tatranske Matliare"]
[Date "2011.05.??"]
[Round "5"]
[White "Stefanides, Karol"]
[Black "Bohm, Vilem"]
[Result "0-1"]
[WhiteElo "1721"]
[BlackElo "1851"]
[PlyCount "92"]
[EventDate "2011.05.27"]
[EventType "swiss"]
[EventRounds "9"]
[EventCountry "SVK"]
[SourceTitle "EXT 2023"]
[Source "ChessBase"]
[SourceDate "2022.10.05"]
[SourceVersion "1"]
[SourceVersionDate "2022.10.05"]
[SourceQuality "1"]

1. d4 d5 2. Nf3 Nc6 3. Bf4 Nf6 4. h3 e6 5. e3 h6 6. a3 Bd6 7. Bxd6 Qxd6 8. Bd3 Bd7 9. c4 dxc4 10. Bxc4 Na5 11. Be2 c5 12. Ne5 cxd4 13. Nxd7 Nxd7 14. b4 Nc6 15. Nc3 a6 16. Ne4 Qe5 17. Nc5 Nxc5 18. bxc5 Rd8 19. 0-0 dxe3 20. Qe1 exf2+ 21. Rxf2 Qxc5 22. Kh1 0-0 23. Bf3 Ne5 24. Rf1 b5 25. Qa5 Rd6 26. Rae1 Qb6 27. Qc3 Nxf3 28. Rxf3 Rfd8 29. Rff1 Qb7 30. Rf3 Rd1 31. Rxd1 Rxd1+ 32. Kh2 Rd5 33. Rf1 Qd7 34. Qf3 f6 35. Kh1 Qd8 36. Qb3 Qe7 37. Re1 Qd7 38. Qf3 a5 39. Rc1 Kh7 40. Qe4+ f5 41. Qf3 Rd3 42. Qa8 Rd1+ 43. Rxd1 Qxd1+ 44. Kh2 b4 45. axb4 axb4 46. Qb7 Qd2 0-1

[Event "SVK-ch Seniors-A"]
[Site "Tatranske Matliare"]
[Date "2010.06.07"]
[Round "2"]
[White "Bohm, Vilem"]
[Black "Profant, Jan"]
[Result "0-1"]
[WhiteElo "1891"]
[BlackElo "1770"]
[PlyCount "100"]
[EventDate "2010.06.06"]
[EventType "swiss"]
[EventRounds "9"]
[EventCountry "SVK"]
[SourceTitle "EXT 2023"]
[Source "ChessBase"]
[SourceDate "2022.10.05"]
[SourceVersion "1"]
[SourceVersionDate "2022.10.05"]
[SourceQuality "1"]

1. d4 d5 2. c4 c6 3. Nc3 e6 4. Nf3 Nf6 5. Bg5 h6 6. Bh4 Bb4 7. Rc1 Nbd7 8. a3 Bxc3+ 9. Rxc3 0-0 10. cxd5 exd5 11. e3 Qe8 12. Bd3 Ne4 13. Rc1 f5 14. 0-0 Ndf6 15. Ne5 Be6 16. f3 Nd6 17. Qc2 Qh5 18. Bg3 Nf7 19. Qb3 Bc8 20. Qc2 Be6 21. Be2 Nxe5 22. dxe5 Nd7 23. f4 Qf7 24. Be1 Rac8 25. Qa4 a6 26. b4 Nb6 27. Qd1 Qc7 28. Bc3 Rfd8 29. Bd4 Nc4 30. Bxc4 dxc4 31. Rf3 b6 32. Qe2 c5 33. bxc5 bxc5 34. Bc3 Rd3 35. Rg3 Qf7 36. Rc2 Rcd8 37. h4 Rd1+ 38. Kh2 Rb1 39. Rd2 Qe7 40. Rh3 Rb3 41. Bb2 c3 42. Rxd8+ Qxd8 43. Bc1 c4 44. Qe1 c2 45. Kg3 Qd1 46. Rh1 Rd3 47. Kf2 Bd5 48. Rf1 Qg4 49. Qe2 Qxg2+ 50. Ke1 Rd1+ 0-1

[Event "SVK-ch Seniors-A"]
[Site "Tatranske Matliare"]
[Date "2010.06.??"]
[Round "6"]
[White "Bohm, Vilem"]
[Black "Krucay, Jozef"]
[Result "1-0"]
[WhiteElo "1891"]
[BlackElo "1762"]
[PlyCount "83"]
[EventDate "2010.06.06"]
[EventType "swiss"]
[EventRounds "9"]
[EventCountry "SVK"]
[SourceTitle "EXT 2023"]
[Source "ChessBase"]
[SourceDate "2022.10.05"]
[SourceVersion "1"]
[SourceVersionDate "2022.10.05"]
[SourceQuality "1"]

1. d4 Nf6 2. c4 c5 3. Nf3 e6 4. Nc3 a6 5. Bg5 Be7 6. e3 cxd4 7. Qxd4 Nc6 8. Qd2 h6 9. Bf4 0-0 10. Bd6 Bxd6 11. Qxd6 Qb6 12. Qd2 Qa5 13. a3 Rd8 14. Qc1 Qf5 15. Be2 d5 16. cxd5 exd5 17. 0-0 Qe6 18. Rd1 b5 19. Nd4 Nxd4 20. Rxd4 Bb7 21. Bf3 Rdc8 22. Qd2 Rc4 23. Rd1 Qe5 24. e4 Rac8 25. Rxc4 bxc4 26. exd5 Qd6 27. Re1 Rd8 28. Rd1 Re8 29. h3 Re5 30. Qd4 Bc8 31. Ne4 Nxe4 32. Bxe4 Rg5 33. Kf1 f5 34. Bf3 a5 35. Ke1 f4 36. Qxc4 Re5+ 37. Kd2 Bf5 38. Kc3 Qb6 39. Rd4 Re8 40. d6+ Re6 41. Bd5 Kf7 42. Bxe6+ 1-0

[Event "SVK-ch Seniors-A"]
[Site "Tatranske Matliare"]
[Date "2009.??.??"]
[Round "2"]
[White "Svonavec, Stefan"]
[Black "Bohm, Vilem"]
[Result "1-0"]
[WhiteElo "2016"]
[BlackElo "1909"]
[PlyCount "97"]
[EventDate "2009.05.31"]
[EventType "swiss"]
[EventRounds "9"]
[EventCountry "SVK"]
[SourceTitle "EXT 2023"]
[Source "ChessBase"]
[SourceDate "2022.10.05"]
[SourceVersion "1"]
[SourceVersionDate "2022.10.05"]
[SourceQuality "1"]

1. d4 d5 2. Nf3 Nf6 3. h3 e6 4. Bg5 Be7 5. Nbd2 b6 6. e3 Bb7 7. Rc1 Nbd7 8. Bd3 h6 9. Bh4 Ne4 10. Bxe7 Qxe7 11. a3 c5 12. c3 0-0 13. 0-0 c4 14. Bb1 b5 15. Nh2 Qg5 16. f4 Qe7 17. Nxe4 dxe4 18. f5 Nf6 19. Ng4 Kh8 20. Ne5 Bd5 21. Rf4 exf5 22. Rxf5 Rad8 23. Qe2 Rd6 24. Rcf1 Kh7 25. Bc2 g6 26. R5f2 Nh5 27. Kh2 Rf6 28. g4 Rxf2+ 29. Qxf2 Ng7 30. Qf6 Qe6 31. Nxg6 Re8 32. Qxe6 Bxe6 33. Ne5 f5 34. gxf5 Bxf5 35. Rf4 Re6 36. Bxe4 Bxe4 37. Rxe4 Nf5 38. Kg2 Kg7 39. Kf3 h5 40. Rf4 Rf6 41. e4 Nd6 42. Rxf6 Kxf6 43. Nc6 Nc8 44. Kf4 a6 45. d5 Nb6 46. h4 Na4 47. e5+ Kg6 48. Ke4 Nxb2 49. d6 1-0

[Event "SVK-ch Seniors"]
[Site "Tatranske Matliare"]
[Date "2008.06.13"]
[Round "8"]
[White "Bohm, Vilem"]
[Black "Liscak, Tibor"]
[Result "0-1"]
[WhiteElo "1925"]
[BlackElo "2051"]
[PlyCount "96"]
[EventDate "2008.06.08"]
[EventType "swiss"]
[EventRounds "9"]
[EventCountry "SVK"]
[SourceTitle "EXT 2009"]
[Source "ChessBase"]
[SourceDate "2008.11.26"]
[SourceVersion "1"]
[SourceVersionDate "2008.11.26"]
[SourceQuality "1"]

1. e4 Nf6 2. d3 Nc6 3. Nf3 e5 4. Nc3 Be7 5. d4 exd4 6. Nxd4 d6 7. Bb5 Bd7 8. Nxc6 Bxc6 9. Bxc6+ bxc6 10. 0-0 0-0 11. Qf3 Nd7 12. Re1 Bf6 13. Ne2 Rb8 14. Rb1 Re8 15. Ng3 g6 16. b3 Qe7 17. Bb2 Bxb2 18. Rxb2 Qe5 19. Rbb1 h5 20. Qe3 c5 21. Rbd1 Qg7 22. f4 Nf6 23. h3 h4 24. e5 hxg3 25. exf6 Rxe3 26. fxg7 Rbe8 27. Kf1 Kxg7 28. Rxe3 Rxe3 29. Rd3 Rxd3 30. cxd3 Kf6 31. Ke2 Ke6 32. Kf3 Kd5 33. Ke3 a6 34. h4 f5 35. a3 a5 36. Kf3 Kd4 37. Kxg3 Kxd3 38. Kf3 Kc2 39. g4 fxg4+ 40. Kxg4 d5 41. f5 gxf5+ 42. Kxf5 d4 43. h5 d3 44. h6 d2 45. h7 d1Q 46. h8Q Qd5+ 47. Kg4 Qd4+ 48. Qxd4 cxd4 0-1